Statystyki dla Państwa Oceanii zarażone Covid-19 (05.06.2020)

Kliknij tutaj aby rozwiązać quiz!

Ogólne statystyki

  • Ten quiz został rozwiązany 20 razy
  • Średni wynik to 4 z 6

Statystyki odpowiedzi

Liczba zarażonychKraj% Poprawnych
7,25 tysAustralia
95%
1,50 tysNowa Zelandia
95%
18Fidżi
90%
8Papua Nowa Gwinea
85%
60Polinezja Francuska
25%
20Nowa Kadelonia
0%

Rozkład punktacji

Percentyl według liczby udzielonych odpowiedzi

Procent ludzi z każdym wynikiem

Twoja historia wyników

Nie rozwiązałeś tego quizu